Diseño de Sistema de Abastecimiento de Agua Potable, Comunidad Sirama Norte - Sur, Chichigalpa - Chinandega
Presenta un diseño de sistema de abastecimiento de agua potable en la comunidad Sirama norte - sur Chichigalpa, el cual se basa en la implementación del programa de agua y saneamiento en esta región. Brinda la información técnica necesaria para la construcción del sistema de abastecimiento de...
| Main Authors: | , |
|---|---|
| Other Authors: | |
| Format: | Tesis Section = Libro |
| Language: | Undetermined Spanish |
| Published: |
Managua
UNI
2004
|
| Subjects: |
| LEADER | 01456nam a2200277Ia 4500 | ||
|---|---|---|---|
| 008 | 240830s9999 xx 000 0 und d | ||
| 040 | |a BIBLIOTECA-RUPAP Mon 628.1 M538 | ||
| 041 | |a spa | ||
| 082 | |a Mon 628.1 M538 | ||
| 100 | 1 | |a Méndez Espinal, Marcia Soledad | |
| 100 | 1 | |b Flores Rugama, María Teresa | |
| 245 | 1 | 0 | |a Diseño de Sistema de Abastecimiento de Agua Potable, Comunidad Sirama Norte - Sur, Chichigalpa - Chinandega |
| 260 | |a Managua |b UNI |c 2004 | ||
| 300 | |a 87 p. :il. | ||
| 500 | |a Contiene: anexos. | ||
| 502 | |a Tesis (Ingeniero Civil)- UNI, 2004. | ||
| 520 | 3 | |a Presenta un diseño de sistema de abastecimiento de agua potable en la comunidad Sirama norte - sur Chichigalpa, el cual se basa en la implementación del programa de agua y saneamiento en esta región. Brinda la información técnica necesaria para la construcción del sistema de abastecimiento de agua potable, el cual se pretende contribuir al mejoramiento de las condiciones de vida de la comunidad, al disponer de agua segura, letrificación y educación en salud. | |
| 650 | 7 | |a ABASTECIMIENTO DE AGUA - COMUNIDAD SIRAMA NORTE - SUR CHICHIGALPA | |
| 650 | 7 | |b SISTEMAS DE TOMA Y DISTRIBUCION DE AGUA POTABLE | |
| 650 | 7 | |c FUENTES DE ABASTECIMIENTO | |
| 650 | 7 | |d TRATAMIENTO PARA ABASTECIMIENTO DE AGUA POTABLE SANEAMIENTO | |
| 650 | 7 | |e LETRINAS | |
| 700 | 1 | |a Tutor: |b Blanco Chávez, Miguel Enrique | |
| 942 | |c BK |2 ddc | ||
| 991 | |a TESIS | ||
| 999 | |c 16231 | ||